Komentár k úplnému zneniu zákona o používaní elektronickej registračnej pokladnice

Guardado en:
Detalles Bibliográficos
Autor principal: Mastihubová, Petronela
Formato: Capítulo de libro
Lenguaje:eslovaco
Materias:
Etiquetas: Agregar Etiqueta
Sin Etiquetas, Sea el primero en etiquetar este registro!

MARC

LEADER 00000naa a2200000 4500
001 0166471
005 20231114103147.9
041 0 |a slo 
044 |a SK 
245 1 0 |a Komentár k úplnému zneniu zákona o používaní elektronickej registračnej pokladnice  |c Petronela Mastihubová 
610 2 0 |a pokladnice registračné 
610 2 0 |a zákony 
610 2 0 |a komentáre 
610 2 0 |a Slovensko 
100 1 |a Mastihubová, Petronela